000 00461nam a2200169Ia 4500
003 LK-CoDNM
005 20240227150353.0
008 010623t1902 xxu||||| |||| 00| 1 sin d
040 _aLK-CoDNM
_dLK-CoDNM
_eLK-CoDNM
041 _asin
080 _a104 V14
245 _aමෝසෙස්ගේ කථාව
246 _aThe story of moses
260 _bThe christian literature society
_aColombo
_c1902
300 _bDamaged
_a4p., iill, 25 cm
942 _cBK
999 _c85498
_d85498